000 01312cam a2200361 a 4500
001 183093
003 OSt
005 20140310182030.0
008 981030s1998 enk b 001 0 eng
010 _a 98215714
020 _a019283407X
040 _aDLC
_cDLC
_dDLC
041 1 _aeng
_hgrc
050 0 0 _aB 430
_b.Ar717 1998
082 0 0 _aHS 170
_bAR4 1998
100 0 _aAristotle.
_99239
240 1 0 _aNicomachean ethics.
_lEnglish
245 1 4 _aThe Nicomachean ethics /
_cAristotle ; translated with an introduction by David Ross ; revised by J.L. Ackrill and J.O. Urmson.
260 _aOxford (Oxfordshire) ;
_aNew York :
_bOxford University Press,
_cc1998.
300 _a283 p. :
_c20 cm.
490 1 _aOxford world's classics
500 _aIncludes bibliographical references and index.
650 0 _aEthics.
_910205
700 1 _aRoss, W. D.
_q(William David),
_d1877-1971.
_910206
700 1 _aAckrill, J. L.
_910207
700 1 _aUrmson, J. O.
_910208
830 0 _aOxford world's classics (Oxford University Press)
_92970
856 4 2 _3Publisher description
_uhttp://www.loc.gov/catdir/enhancements/fy0605/98215714-d.html
906 _a7
_bcbc
_corignew
_d2
_encip
_f19
_gy-gencatlg
942 _2lcc
_cHS
999 _c8555
_d8555